| 000 | 00756nam a22002177a 4500 | ||
|---|---|---|---|
| 999 |
_c165703 _d165703 |
||
| 005 | 20190627130218.0 | ||
| 010 | _aENG-125794 | ||
| 020 |
_a9788193364789 _c250.00 |
||
| 035 | _aEN-109326 | ||
| 037 | _bDBAD/PUB | ||
| 082 | _a301.310 | ||
| 100 | _aKrishnamacharyulu, V. | ||
| 245 |
_aEnvironmental education / _cby V. Krishnamacharyulu, G.S. Reddy [and] Karman Kaur |
||
| 260 |
_aHyderabad _bNeelkamal Publications _c2017 |
||
| 270 |
_a4764/1, 23 Ansari Road _bDaryaganj, New Delhi _e110002 _k011-23244237, 9811828953 _mneelkamalbooks@gmail.com |
||
| 300 |
_aviii,256p. _c22cm(pbk) |
||
| 500 | _aIncludes bibliographical references and index | ||
| 700 | _aReddy, G.S. | ||
| 700 | _aKaur, Karman | ||
| 942 |
_2ddc _cEN _h301.310 _mKRI |
||